|
|
|
|
| LEADER |
00000cam a2200000 a 4500 |
| 001 |
vtls010203564 |
| 003 |
SK-MaSNL |
| 005 |
20260302045043.0 |
| 008 |
180809s2010 xo ola c p 000 0 hun |
| 015 |
|
|
|a SNBA2011/08-04629
|
| 020 |
|
|
|a 9788080912208
|q (brož.)
|
| 035 |
|
|
|a 15A35912-F7A4-4DFC-8307-9AF1E7F63DFE
|
| 035 |
|
|
|a urn:nbn:sk:snk-amjx7e
|
| 035 |
|
|
|a urn:nbn:sk:snk-am007zfp
|
| 040 |
|
|
|a SNK
|b slo
|c SNK
|e AACR2
|
| 041 |
1 |
|
|a hun
|h [slo]
|
| 044 |
|
|
|a xo
|c SK
|
| 072 |
|
7 |
|a 54
|x Chémia. Mineralogické vedy
|2 konspekt
|
| 072 |
|
7 |
|a 37.016
|x Učebné osnovy. Vyučovacie predmety. Učebnice
|2 konspekt
|
| 080 |
|
|
|a 54
|2 2001
|
| 080 |
|
|
|a (075.2)
|2 2001
|
| 080 |
|
|
|a (075.3)
|2 2001
|
| 240 |
1 |
0 |
|a Chémia pre 7. ročník základných škôl a 2. ročník gymnázií s osemročným štúdiom
|l Maďarsky
|
| 245 |
0 |
0 |
|a Kémia
|b az alapiskolák 7. és a nyolcosztályos gimnáziumok 2. évfolyama számára
|c Helena Vicenová ... [et al.] ; [fordította Tihamér Lacza]
|
| 250 |
|
|
|a 1. kiadás
|
| 260 |
|
|
|a Bratislava
|b Expol pedagogika
|c 2010
|
| 300 |
|
|
|a 79 s.
|b fareb. ilustr., fareb. fotogr., tab.
|c 30 cm
|
| 500 |
|
|
|a Pravdepodobne prel. zo slov.
|
| 500 |
|
|
|a Tir. aj. slov.
|
| 504 |
|
|
|a Slov. slov.-maď.
|
| 650 |
0 |
7 |
|a chémia
|2 SNKPH
|9 749
|
| 650 |
0 |
7 |
|a Chemistry
|2 SNKPHeng
|9 265248
|
| 655 |
|
7 |
|a učebnice základných škôl
|2 SNKPH
|9 70187
|
| 655 |
|
7 |
|a učebnice stredných škôl
|2 SNKPH
|9 69323
|
| 655 |
|
7 |
|a Textbooks (elementary)
|2 SNKPHeng
|9 276977
|
| 655 |
|
7 |
|a Textbooks (secondary)
|2 SNKPHeng
|9 276359
|
| 700 |
1 |
|
|a Vicenová, Helena
|4 aut
|9 186112
|
| 700 |
1 |
|
|a Lacza, Tihamér,
|d 1948-
|4 trl
|9 100533
|
| 700 |
1 |
|
|a Zvončeková, Veronika
|4 aut
|9 37240
|
| 700 |
1 |
|
|a Adamkovič, Emil,
|d 1941-
|4 aut
|9 207145
|
| 700 |
1 |
|
|a Romanová, Daniela
|4 aut
|9 498704
|
| 852 |
1 |
|
|a Štátna vedecká knižnica v Banskej Bystrici
|
| 919 |
|
|
|a 978-80-8091-220-8
|
| 958 |
|
|
|a OND
|
| 958 |
|
|
|a OP
|
| 958 |
|
|
|a HU
|
| 958 |
|
|
|a NM
|
| 968 |
|
|
|a Mag
|b SLO
|d 37
|
| 999 |
|
|
|c 1092113
|d 1094043
|
| 952 |
|
|
|a SNK
|b SNK
|y PREZ
|7 0
|p 17A0689634
|o snkSB 80979
|i snk2011/4180
|8 0
|0 0
|1 0
|4 0
|d 2011-02-24
|f 1
|l 0
|r 2025-05-05 00:00:00
|w 2026-02-24
|
| 952 |
|
|
|a SNK
|b SNK
|y VYP
|7 0
|p 17A0689635
|o snkSB 80979 D1
|i snk2011/4181
|8 0
|0 0
|1 0
|4 0
|d 2011-02-24
|l 0
|r 2016-06-30 00:00:00
|w 2026-02-24
|